Statistics for 500 Biggest US Cities with a Map

Click here to take the quiz!

General Stats

  • This quiz has been taken 206 times
  • The average score is 272 of 500

Answers on the Map

Answers color-coded by a green-red scale on the quiz's map according to % correct below.
 

Answer Stats

StatePopulationCity% Correct
CA3,822,238Los Angeles
96%
NY8,335,897New York
96%
CA808,437San Francisco
96%
WA749,256Seattle
96%
FL449,514Miami
95%
CA1,381,162San Diego
95%
IL2,665,039Chicago
94%
HI343,421Honolulu
94%
NV656,274Las Vegas
94%
MA650,706Boston
93%
CO713,252Denver
93%
MI620,376Detroit
93%
PA1,567,258Philadelphia
93%
DC671,803Washington
93%
NM561,008Albuquerque
92%
AK287,145Anchorage
92%
MD569,931Baltimore
92%
TX1,299,544Dallas
92%
TX2,302,878Houston
92%
IN880,621Indianapolis
92%
MS145,995Jackson
92%
FL971,319Jacksonville
92%
LA369,749New Orleans
92%
OK694,800Oklahoma City
92%
FL316,081Orlando
92%
AZ1,644,409Phoenix
92%
CA77,572Pittsburg
92%
TX974,447Austin
91%
NY276,486Buffalo
91%
OH361,607Cleveland
91%
TX956,709Fort Worth
91%
KS153,345Kansas City
91%
MO509,297Kansas City
91%
TN621,056Memphis
91%
TN683,622Nashville
91%
OR635,067Portland
91%
UT204,657Salt Lake City
91%
TX1,472,909San Antonio
91%
FL398,173Tampa
91%
MN425,096Minneapolis
90%
MO286,578St. Louis
90%
GA499,127Atlanta
89%
KY624,444Louisville
89%
ID236,634Boise
88%
GA202,616Columbus
88%
OH907,971Columbus
88%
TX677,456El Paso
88%
WI563,305Milwaukee
88%
NV273,448Reno
88%
CA971,233San Jose
88%
MA154,064Springfield
88%
IL113,273Springfield
88%
MO170,067Springfield
88%
NC897,720Charlotte
87%
CA545,567Fresno
87%
OK411,867Tulsa
87%
OH309,513Cincinnati
86%
CO486,248Colorado Springs
86%
CA430,553Oakland
86%
NE485,153Omaha
86%
CA528,001Sacramento
86%
FL201,731Tallahassee
86%
AZ546,574Tucson
86%
KS396,192Wichita
86%
NY100,826Albany
85%
LA221,453Baton Rouge
85%
KY320,347Lexington
85%
NE292,627Lincoln
85%
RI189,563Providence
85%
NC476,587Raleigh
85%
VA229,395Richmond
85%
CA114,301Richmond
85%
VA455,618Virginia Beach
85%
NC251,350Winston-Salem
85%
AR202,864Little Rock
84%
AL196,910Birmingham
83%
SC153,672Charleston
83%
IA211,034Des Moines
83%
PA302,898Pittsburgh
83%
OR177,487Salem
83%
NJ305,344Newark
82%
TX316,239Corpus Christi
81%
IN267,927Fort Wayne
81%
NY209,352Rochester
81%
MN121,878Rochester
81%
WA230,160Spokane
81%
WI272,903Madison
80%
MN303,176St. Paul
80%
OH188,509Akron
79%
GA202,096Augusta
79%
MT119,960Billings
79%
OH135,944Dayton
79%
MI196,908Grand Rapids
79%
TN195,889Knoxville
79%
AZ512,498Mesa
79%
NV280,543North Las Vegas
79%
FL261,256St. Petersburg
79%
OH266,301Toledo
79%
CA344,461Anaheim
78%
IL177,866Aurora
78%
CO393,537Aurora
78%
SC139,698Columbia
78%
MO128,555Columbia
78%
ND131,444Fargo
78%
CT120,686Hartford
78%
NV331,415Henderson
78%
NJ286,670Jersey City
78%
AL183,289Mobile
78%
AL196,986Montgomery
78%
SD202,078Sioux Falls
78%
TX394,602Arlington
77%
CA410,647Bakersfield
77%
OR177,923Eugene
77%
FL183,146Fort Lauderdale
77%
NM89,008Santa Fe
77%
GA148,004Savannah
77%
AL221,933Huntsville
76%
CA451,307Long Beach
76%
NY144,451Syracuse
76%
TX201,291Amarillo
75%
TN184,086Chattanooga
75%
VA232,995Norfolk
75%
NC291,928Durham
74%
NC301,115Greensboro
74%
LA121,389Lafayette
74%
CA220,328San Bernardino
74%
AZ243,050Scottsdale
74%
LA180,153Shreveport
74%
WA221,776Tacoma
74%
KS125,449Topeka
74%
CO169,249Fort Collins
73%
WI106,095Green Bay
73%
CA313,685Irvine
73%
TX263,930Lubbock
73%
NH115,141Manchester
73%
CA320,764Riverside
73%
NJ89,661Trenton
73%
NY208,121Yonkers
73%
ND74,445Bismarck
72%
CO105,485Boulder
72%
TX189,382Brownsville
72%
NC208,873Fayetteville
72%
AR99,285Fayetteville
72%
CA87,533Santa Barbara
72%
WA194,512Vancouver
72%
MA205,319Worcester
72%
CT138,915New Haven
71%
UT113,523Provo
71%
CA308,189Santa Ana
71%
CA189,221Glendale
70%
AZ252,136Glendale
70%
TX256,187Laredo
70%
TX144,579McAllen
70%
UT93,022Sandy
70%
CA321,819Stockton
70%
MN86,619Duluth
69%
MI112,537Lansing
69%
TX143,984Waco
69%
NC120,324Wilmington
69%
VA155,525Alexandria
68%
GA128,561Athens
68%
CT148,377Bridgeport
68%
PA93,511Erie
68%
FL152,650Hollywood
68%
TX147,662Pasadena
68%
CA134,211Pasadena
68%
TX289,547Plano
68%
IA136,429Cedar Rapids
67%
NM113,888Las Cruces
67%
MI119,875Ann Arbor
66%
VA252,488Chesapeake
66%
CA279,170Chula Vista
66%
CA122,625Concord
66%
NC109,896Concord
66%
FL220,292Hialeah
66%
CA169,185Lancaster
66%
IL111,021Peoria
66%
AZ197,866Peoria
66%
FL231,790Port St. Lucie
66%
CA221,345Santa Clarita
66%
UT102,519St. George
66%
AZ185,950Tempe
66%
TX111,551Allen
65%
FL145,214Gainesville
64%
CA218,069Modesto
64%
VA184,306Newport News
64%
UT86,825Ogden
64%
IL146,713Rockford
64%
NJ134,283Elizabeth
63%
AZ75,907Flagstaff
63%
FL95,949Fort Myers
63%
CA194,310Huntington Beach
63%
IL149,936Naperville
63%
TX102,664Wichita Falls
63%
FL216,992Cape Coral
62%
AZ280,711Chandler
62%
FL77,958Daytona Beach
62%
CA223,871Fremont
62%
AZ275,346Gilbert
62%
MT76,955Missoula
62%
CA136,178Orange
62%
CA177,181Santa Rosa
62%
AL110,602Tuscaloosa
62%
PA125,094Allentown
61%
OR103,254Bend
61%
IN115,749Evansville
61%
TX254,715Irving
61%
CA126,930Santa Clara
61%
IA85,497Sioux City
61%
MI79,854Flint
60%
GA156,197Macon
60%
TX134,444Midland
60%
IA75,233Iowa City
59%
OK129,627Norman
59%
CA200,415Oxnard
59%
NJ156,661Paterson
59%
MA118,488Cambridge
58%
CA92,388Carson
58%
IA100,486Davenport
58%
IL150,033Joliet
58%
KS197,726Overland Park
58%
SD78,824Rapid City
58%
FL120,932West Palm Beach
58%
WA152,767Bellevue
57%
CA118,950Berkeley
57%
TX219,587Frisco
57%
NC180,388Cary
56%
TN176,974Clarksville
56%
TX240,854Garland
56%
CA79,063Lakewood
56%
CO156,120Lakewood
56%
CA179,061Ontario
56%
CO111,456Pueblo
56%
TX124,319College Station
55%
ID110,951Nampa
55%
TX112,906Odessa
55%
VA97,847Roanoke
55%
PA75,848Scranton
55%
WA107,325Spokane Valley
55%
CT136,188Stamford
55%
TX150,353Denton
54%
NC89,233Greenville
54%
TX159,172Killeen
54%
TX207,507McKinney
54%
TN162,398Murfreesboro
54%
CA89,947Santa Monica
54%
TX127,385Abilene
53%
AR89,992Fort Smith
53%
WA134,392Kent
53%
KS145,616Olathe
53%
IN103,110South Bend
53%
AZ98,527Yuma
53%
TX201,843Grand Prairie
52%
CA161,020Salinas
52%
FL120,071Lakeland
51%
CA211,924Moreno Valley
51%
CA172,199Oceanside
51%
CA110,125Santa Maria
51%
AZ154,198Surprise
51%
UT136,650West Valley City
51%
WA84,858Auburn
50%
AL80,006Auburn
50%
MN87,797Bloomington
50%
IL78,864Bloomington
50%
IN79,107Bloomington
50%
FL117,027Clearwater
50%
CA159,567Corona
50%
VA138,037Hampton
50%
MO121,202Independence
50%
MA113,608Lowell
50%
SC118,608North Charleston
50%
VA97,029Portsmouth
50%
CA92,906Redding
50%
CA124,265Thousand Oaks
50%
MI137,107Warren
50%
CT115,016Waterbury
50%
NC93,776Asheville
49%
CA177,558Elk Grove
49%
CA212,475Fontana
49%
ID129,736Meridian
49%
CA163,463Palmdale
49%
UT116,664West Jordan
49%
CO114,533Westminster
49%
CA89,397Westminster
49%
OK117,911Broken Arrow
48%
CA103,920Burbank
48%
MI107,710Dearborn
48%
WA111,337Everett
48%
LA79,113Lake Charles
48%
CA176,336Rancho Cucamonga
48%
TX109,286Tyler
48%
TX112,089Beaumont
47%
NM108,082Rio Rancho
47%
RI83,016Warwick
47%
MA87,954Lawrence
46%
KS95,794Lawrence
46%
OR85,556Medford
46%
FL80,017Miami Beach
46%
FL110,497Miami Gardens
46%
WI74,511Appleton
45%
CA101,299Chico
45%
TX147,899Mesquite
45%
CA154,817Roseville
45%
NV109,226Sparks
45%
CA150,270Escondido
44%
CA140,541Fullerton
44%
CO109,209Greeley
44%
CA156,754Hayward
44%
WI98,484Kenosha
44%
FL86,441Melbourne
44%
CA78,315Napa
44%
MN78,683Plymouth
44%
MA101,727Quincy
44%
PA94,858Reading
44%
TX99,112San Angelo
44%
CA100,984San Mateo
44%
CO143,282Thornton
44%
CA141,126Torrance
44%
CA91,988Compton
43%
AR79,876Jonesboro
43%
NH91,161Nashua
43%
RI75,066Pawtucket
43%
CA146,017Pomona
43%
TX126,697Round Rock
43%
MI132,567Sterling Heights
43%
CA153,091Sunnyvale
43%
CA137,221Victorville
43%
FL99,009Boca Raton
42%
OR111,621Gresham
42%
OR107,299Hillsboro
42%
CA143,966Visalia
42%
KY74,926Bowling Green
41%
TX133,820Carrollton
41%
MD82,175Frederick
41%
CA169,254Garden Grove
41%
WA97,012Yakima
41%
OR97,053Beaverton
40%
CA114,160Carlsbad
40%
NC115,067High Point
40%
CA98,537Norwalk
40%
CT91,401Norwalk
40%
FL169,876Pembroke Pines
40%
WA93,896Bellingham
39%
FL80,003Kissimmee
39%
MA100,891Lynn
39%
MA100,682New Bedford
39%
UT95,910Orem
39%
FL129,234Palm Bay
39%
TX109,414Sugar Land
39%
CA109,527Ventura
39%
CO121,581Arvada
38%
PA77,617Bethlehem
38%
IN101,964Carmel
38%
CO105,865Centennial
38%
AZ105,406Goodyear
38%
OK91,542Lawton
38%
FL137,228Miramar
38%
TX126,949Pearland
38%
FL112,302Pompano Beach
38%
MI87,201Troy
38%
CA123,564Vallejo
38%
CA100,007Daly City
37%
TN86,895Franklin
37%
MA104,826Brockton
36%
IL89,241Champaign
36%
IL113,177Elgin
36%
CA119,338Fairfield
36%
WI76,462Racine
36%
VA98,537Suffolk
36%
CA124,556Clovis
35%
FL133,369Coral Springs
35%
MA93,682Fall River
35%
AL92,435Hoover
35%
TX86,635Mission
35%
TX118,802Richardson
35%
GA107,763Sandy Springs
35%
TX104,294Edinburg
34%
CA104,414El Cajon
34%
CA91,563Merced
34%
MA87,381Newton
34%
CA124,398Simi Valley
34%
CA111,752Temecula
34%
RI82,421Cranston
33%
CT86,967Danbury
33%
CA103,621Inglewood
33%
TX131,215Lewisville
33%
VA79,287Lynchburg
33%
IL75,544Evanston
32%
TX115,418League City
32%
CA113,783Murrieta
32%
CA83,993Newport Beach
32%
WA104,047Renton
32%
GA92,950Roswell
32%
GA111,158South Fulton
32%
IL87,976Waukegan
32%
CA115,264Antioch
31%
FL106,513Davie
31%
WA97,863Federal Way
31%
MO103,465Lee's Summit
31%
WA76,732Redmond
31%
AZ105,567Buckeye
30%
TX86,507Georgetown
30%
SC94,545Mount Pleasant
30%
AR87,672Springdale
30%
CA109,521Costa Mesa
29%
FL97,267Deltona
29%
CA109,934Downey
29%
IN101,966Fishers
29%
NC82,653Gastonia
29%
WA84,750Kennewick
29%
CA91,776Mission Viejo
29%
TX104,707New Braunfels
29%
OK96,286Edmond
28%
CA105,312El Monte
28%
CA91,980Indio
28%
UT83,513South Jordan
28%
CA93,140Chino
27%
WA92,151Kirkland
27%
NY82,288New Rochelle
27%
CA94,854San Marcos
27%
CA101,918Vacaville
27%
CA76,040Alameda
26%
TX82,531Longview
26%
CO77,884Loveland
26%
CA109,399Menifee
26%
CA81,059Mountain View
26%
OH79,358Parma
26%
WA79,315Pasco
26%
IL76,225Schaumburg
26%
TX89,458Temple
26%
CA105,013West Covina
26%
MN83,324Brooklyn Park
25%
TX87,792Bryan
25%
IL81,919Cicero
25%
FL81,562Homestead
25%
MO93,663O'Fallon
25%
FL98,411Palm Coast
25%
CA80,512Redwood City
25%
GA82,175Warner Robins
25%
CA75,867Apple Valley
24%
IN76,575Hammond
24%
MI93,779Livonia
24%
TX76,500Missouri City
24%
CA107,609Jurupa Valley
23%
UT82,601Layton
23%
CA103,545Rialto
23%
MA79,762Somerville
23%
FL96,306Sunrise
23%
CA97,766Vista
23%
IL75,195Arlington Heights
22%
AZ91,617Avondale
22%
CA85,638Lake Forest
22%
FL82,487Largo
22%
CO98,687Longmont
22%
SC75,349Rock Hill
22%
MI76,726Wyoming
22%
FL80,859Boynton Beach
21%
CO76,121Broomfield
21%
CO80,191Castle Rock
21%
CA77,949Chino Hills
21%
NJ88,709Clifton
21%
TX101,405Conroe
21%
CA90,689Hemet
21%
UT84,373Lehi
21%
FL96,042Plantation
21%
CA86,762San Leandro
21%
CA97,328Tracy
21%
TX84,324Baytown
20%
CA83,269Folsom
20%
CA100,744Hesperia
20%
FL85,099North Port
20%
CA84,496Whittier
20%
CA80,259Alhambra
19%
CA86,433Citrus Heights
19%
MI82,737Farmington Hills
19%
TX78,486Flower Mound
19%
GA82,453Johns Creek
19%
CA84,701Livermore
19%
TX80,179Pharr
19%
CA84,563Hawthorne
18%
CA86,928Manteca
18%
MI75,431Southfield
18%
CA82,450Buena Park
17%
CA80,263Perris
17%
CA85,953San Ramon
17%
CA90,926South Gate
17%
CA78,418Tustin
17%
MN78,561Woodbury
17%
TX77,642Cedar Park
16%
FL86,772Deerfield Beach
16%
TX76,724Mansfield
16%
CA77,738Milpitas
16%
MI84,037Westland
16%
CA76,405Bellflower
15%
FL76,983Doral
15%
MN74,553Lakeville
15%
CA76,689Pleasanton
15%
MI75,936Rochester Hills
15%
CA78,841Upland
15%
CA80,598Rancho Cordova
14%

Score Distribution

Percentile by Number Answered

Percent of People with Each Score

Your Score History

You have not taken this quiz